000 01070cam a2200229 4500
001 WB3816-14
008 020430n2002 000 0 eng u
035 _a(Sirsi) u117787
245 _aPollution from agricultural land
260 _c2002
490 _aEnglish Nature Press Release
_v(EN/02/21) 26 April 2002, (2)
520 _aA research report commissioned by English Nature and the Environment Agency sets out proposals for a national package to help farmers combat the problem of diffuse agricultural pollution. The grant aid proposals aim to help farmers raise the basic performance of farms whilst promoting more fundamental changes in farm management. Report ENR455 is available from http://www.english-nature.org.uk/news/story.asp?ID=364
590 _aWB
650 _aPOLLUTION
650 _aPROPERTY-RURAL AND NATURAL ASSETS-AGRICULTURAL PROPERTY-AGRICULTURAL LAND
650 _aFARM MANAGEMENT
650 _aFARMERS
650 _aENGLISH NATURE
650 _aENVIRONMENT AGENCY
690 _aENVIRONMENTAL AND LAND CONSULTANCY
942 _n0
999 _c70137
_d70137